000 004410000a22001570004500
020 _a84-494-2823-8
041 0 _aSPA
082 0 4 _aR 103 G535a
110 1 _aGrupo Oceano
245 1 0 _aAtlas universal de Filosofía : Manual didáctico de autores, textos, escuelas y conceptos filosóficos / Carlos Gispert, director
260 _aBarcelona, España : Océano
300 _a1035 Pag.
650 1 4 _aFILOSOFIA
001 757
942 _cBK
999 _c32208
_d32208